[Event "FB1 1920 SV Weißblau Allianz Leipzig -"]
[Site "?"]
[Date "2021.09.04"]
[Round "10.5"]
[White "Zschischang, Marine"]
[Black "Just, Anita"]
[Result "1/2-1/2"]
[WhiteElo "2070"]
[BlackElo "1925"]
[PlyCount "120"]
[EventDate "2021.??.??"]

1. d4 e6 2. Nf3 f5 3. d5 Be7 4. dxe6 dxe6 5. Qxd8+ Bxd8 6. Bf4 Nf6 7. Nc3 O-O
8. e3 Nd5 9. Nxd5 exd5 10. O-O-O c6 11. c4 Be6 12. Nd4 Bf7 13. Nxf5 Bh5 14. f3
Rxf5 15. g4 Rxf4 16. exf4 Bf7 17. cxd5 cxd5 18. Bc4 Bc7 19. Bxd5 Bxf4+ 20. Kb1
Bxd5 21. Rxd5 Nc6 22. h4 Rf8 23. Rd7 b6 24. Re1 Ne5 25. Rxa7 Nxf3 26. Ree7 Be5
27. g5 Nd4 28. a4 Nc6 29. Rxe5 Nxe5 30. Rb7 Rf1+ 31. Kc2 Rf4 32. b3 Rxh4 33.
Rxb6 Nd7 34. Rb5 Re4 35. Rd5 Ne5 36. Rc5 Kf7 37. a5 Nd7 38. Rc7 Ke7 39. a6 Re6
40. Ra7 Rb6 41. Kc3 Kd6 42. b4 Kc6 43. Ra8 Kc7 44. a7 Rc6+ 45. Kb3 Kb7 46. Rg8
Kxa7 47. Rxg7 Rc7 48. Kb2 Kb6 49. Rxh7 Ne5 50. Rxc7 Kxc7 51. Kb3 Kb6 52. Ka4
Ng6 53. b5 Ne5 54. Kb4 Ng6 55. Kc4 Ne7 56. Kd4 Kxb5 57. Ke5 Kc6 58. Kf6 Kd7 59.
Kf7 Kd6 60. Kf6 Kd7 1/2-1/2

[Event "FB1 1920 SV Weißblau Allianz Leipzig -"]
[Site "?"]
[Date "2021.09.04"]
[Round "10.6"]
[White "Kluge, Heidemarie"]
[Black "Manusina, Nicole"]
[Result "0-1"]
[WhiteElo "1915"]
[BlackElo "1997"]
[PlyCount "112"]
[EventDate "2021.??.??"]

1. e4 c5 2. Nf3 d6 3. d4 cxd4 4. Nxd4 Nf6 5. Nc3 a6 6. Be2 e6 7. Bg5 Be7 8. O-O
O-O 9. Be3 Qc7 10. Nb3 b5 11. a3 Bb7 12. Bf3 Rd8 13. Qe2 Nbd7 14. g3 Ne5 15.
Bg2 Nc4 16. Bc1 Rac8 17. Nd1 d5 18. exd5 Nxd5 19. c3 Bf6 20. Nd2 Nxd2 21. Bxd2
Nb6 22. Bf4 Qd7 23. g4 Bxg2 24. Kxg2 Qc6+ 25. Kg1 Qc4 26. Qf3 Nd5 27. Bc1 Qc6
28. Qe2 Nb6 29. Ra2 Nc4 30. b3 Ne5 31. f4 Nd3 32. Be3 Nc5 33. Rb2 Ne4 34. Rc2
Qd5 35. c4 Qd3 36. g5 Be7 37. Qxd3 Rxd3 38. a4 Rcd8 39. Rc1 Rxb3 40. cxb5 axb5
41. axb5 Rxb5 42. Rc2 Rb3 43. Kg2 Rbd3 44. Rc1 f6 45. h4 Ra8 46. Re1 Ra2+ 47.
Kf3 f5 48. h5 g6 49. hxg6 hxg6 50. Rc8+ Rd8 51. Rc7 Bd6 52. Rb7 Ra3 53. Ke2 e5
54. Bc1 Rh3 55. Bb2 Bb4 56. Rxb4 Rd2+ 0-1

[Event "FB1 1920 Hamburger SK - OSG Baden-Baden"]
[Site "?"]
[Date "2021.09.05"]
[Round "11.2"]
[White "Socko, Monika"]
[Black "Paehtz, Elisabeth"]
[Result "0-1"]
[WhiteElo "2385"]
[BlackElo "2465"]
[PlyCount "166"]
[EventDate "2021.??.??"]

1. d4 Nf6 2. c4 g6 3. Nf3 Bg7 4. g3 O-O 5. Bg2 d6 6. O-O Nc6 7. Nc3 a6 8. Qc2
e5 9. dxe5 dxe5 10. Bg5 Bf5 11. Qb3 Qc8 12. Rad1 Ne4 13. Nxe4 Bxe4 14. Be3 Rb8
15. c5 Bf5 16. a3 Be6 17. Qa4 f6 18. b4 Qe8 19. Qc2 h6 20. Nh4 f5 21. Bd5 Bxd5
22. Rxd5 Qe6 23. Rd3 f4 24. Bc1 g5 25. Ng2 Nd4 26. Qd1 Rbd8 27. f3 e4 28. fxe4
Qxe4 29. Kh1 fxg3 30. hxg3 Qxe2 31. Qxe2 Nxe2 32. Rxf8+ Rxf8 33. Bd2 Rf1+ 34.
Kh2 Nd4 35. Ne1 Rf2+ 36. Kg1 Rf7 37. Kg2 Re7 38. Re3 Rxe3 39. Bxe3 Nb5 40. Bc1
Kf7 41. Kf3 Nd4+ 42. Ke3 Ke6 43. g4 Kd5 44. Kd3 Nc6 45. Nf3 Bf6 46. Bd2 Bb2 47.
a4 Ba3 48. b5 axb5 49. axb5 Nd8 50. Ba5 Ne6 51. c6 bxc6 52. bxc6 Bd6 53. Bc3
Nc5+ 54. Ke3 Bf4+ 55. Ke2 Kxc6 56. Nd4+ Kd5 57. Nf5 Ne4 58. Be1 c5 59. Nxh6 Kc4
60. Nf5 Nf6 61. Ng7 Nxg4 62. Kf3 Ne5+ 63. Ke4 Nf7 64. Ne6 Nd6+ 65. Kf3 Bc1 66.
Bf2 Nb7 67. Be3 g4+ 68. Ke2 Bb2 69. Kf2 Be5 70. Nf4 Nd6 71. Ng6 Ne4+ 72. Ke2
Bd6 73. Nh4 Kd5 74. Bh6 c4 75. Ng2 Ng3+ 76. Kd2 Nf5 77. Bg5 Be5 78. Ne3+ Nxe3
79. Kxe3 Kc5 80. Ke4 Bd6 81. Bd2 g3 82. Ke3 Kb5 83. Bc1 Ka4 0-1

[Event "FB1 1920 Hamburger SK - OSG Baden-Baden"]
[Site "?"]
[Date "2021.09.05"]
[Round "11.3"]
[White "Zatonskih, Anna"]
[Black "Fuchs, Judith"]
[Result "1/2-1/2"]
[WhiteElo "2423"]
[BlackElo "2216"]
[PlyCount "27"]
[EventDate "2021.??.??"]

1. d4 Nf6 2. Nf3 c5 3. e3 cxd4 4. Nxd4 d5 5. c4 Nc6 6. cxd5 Nxd4 7. Qxd4 Qxd5
8. Qxd5 Nxd5 9. Bd2 Bd7 10. Nc3 Nxc3 11. Bxc3 f6 12. O-O-O e5 13. Bc4 O-O-O 14.
Rd5 1/2-1/2

[Event "FB1 1920 Hamburger SK - OSG Baden-Baden"]
[Site "?"]
[Date "2021.09.05"]
[Round "11.4"]
[White "Baciu, Diana"]
[Black "Arakhamia-Grant, Ketevan"]
[Result "1-0"]
[WhiteElo "2264"]
[BlackElo "2380"]
[PlyCount "99"]
[EventDate "2021.??.??"]

1. e4 e5 2. Nf3 Nc6 3. Bc4 Bc5 4. d3 Nf6 5. Nbd2 a6 6. a4 d6 7. c3 O-O 8. h3
Ba7 9. O-O Ne7 10. Re1 Ng6 11. Nf1 c6 12. Bb3 Nh5 13. d4 Nhf4 14. dxe5 Bxh3 15.
Bxf4 Nxf4 16. gxh3 Nxh3+ 17. Kg2 Nxf2 18. Qxd6 Nd3 19. Qxd8 Nxe1+ 20. Rxe1
Raxd8 21. e6 fxe6 22. Bxe6+ Kh8 23. Bb3 g6 24. e5 Kg7 25. N1h2 h5 26. Re2 Rf5
27. Bc2 Rf4 28. Ng5 Re8 29. Kg3 Rff8 30. Nhf3 Kh6 31. e6 Bb8+ 32. Kf2 Bf4 33.
Nf7+ Kg7 34. Nh4 g5 35. Ng6 Rg8 36. Kf3 Kf6 37. Nxf4 gxf4 38. Bb3 Rg4 39. Ne5
Rg5 40. Nd7+ Ke7 41. Kxf4 Rg4+ 42. Ke3 Reg8 43. Rf2 Rg3+ 44. Kd4 R8g4+ 45. Kc5
Rg5+ 46. Kb6 Rg2 47. Rf7+ Kd6 48. Nc5 Rxb2 49. Rd7+ Ke5 50. Nd3+ 1-0

[Event "FB1 1920 Hamburger SK - OSG Baden-Baden"]
[Site "?"]
[Date "2021.09.05"]
[Round "11.5"]
[White "Tammert, Iamze"]
[Black "Genova, Lyubka"]
[Result "1/2-1/2"]
[WhiteElo "2295"]
[BlackElo "2234"]
[PlyCount "48"]
[EventDate "2021.??.??"]

1. c4 c5 2. Nc3 Nc6 3. g3 g6 4. Bg2 Bg7 5. Nf3 e5 6. d3 Nge7 7. Nd5 O-O 8. O-O
d6 9. a3 Rb8 10. Rb1 b5 11. cxb5 Rxb5 12. Nd2 Nxd5 13. Bxd5 Ne7 14. Bg2 f5 15.
Qa4 a6 16. b4 cxb4 17. Rxb4 Rxb4 18. axb4 d5 19. Nb3 h6 20. Nc5 Qd6 21. Bb2 f4
22. Qa1 g5 23. Qa2 Kh7 24. gxf4 gxf4 1/2-1/2

[Event "FB1 1920 Hamburger SK - OSG Baden-Baden"]
[Site "?"]
[Date "2021.09.05"]
[Round "11.6"]
[White "Scognamiglio, Stefanie"]
[Black "Heinemann, Josefine"]
[Result "0-1"]
[WhiteElo "2097"]
[BlackElo "2292"]
[PlyCount "94"]
[EventDate "2021.??.??"]

1. e4 c5 2. c4 Nc6 3. Nc3 g6 4. g3 Bg7 5. Bg2 d6 6. d3 e6 7. Nge2 Nge7 8. O-O
O-O 9. Be3 Nd4 10. Qd2 Nec6 11. Bh6 a6 12. Bxg7 Kxg7 13. Nxd4 Nxd4 14. Ne2 Qf6
15. Nxd4 Qxd4 16. Qc3 Qxc3 17. bxc3 Bd7 18. d4 e5 19. Rfd1 Bc6 20. Rab1 b5 21.
d5 Bd7 22. Bf1 Rfb8 23. Rdc1 Kf6 24. f3 Ke7 25. Kf2 Kd8 26. Ke3 Kc7 27. Kd2 Rb6
28. Rb3 Rab8 29. Rcb1 b4 30. cxb4 Rxb4 31. Kc3 a5 32. a3 Rxb3+ 33. Rxb3 Rf8 34.
Kd2 f5 35. Bd3 h5 36. Ke3 f4+ 37. Kf2 g5 38. Be2 g4 39. Kg2 Rh8 40. Rb2 Rg8 41.
Kf2 h4 42. gxf4 g3+ 43. hxg3 hxg3+ 44. Kg1 exf4 45. Bd1 Rh8 46. Ra2 Rb8 47. Bc2
Kd8 0-1

[Event "FB1 1920 TuRa Harksheide  - Karlsruher"]
[Site "?"]
[Date "2021.09.05"]
[Round "11.2"]
[White "Antolak, Julia"]
[Black "Heinatz, Gundula"]
[Result "1-0"]
[WhiteElo "2315"]
[BlackElo "2116"]
[PlyCount "75"]
[EventDate "2021.??.??"]

1. e4 c6 2. d4 d5 3. f3 e6 4. Nc3 a6 5. Be3 Nf6 6. Bd3 c5 7. dxc5 d4 8. Bxd4
Qc7 9. Qe2 Bxc5 10. Bxc5 Qxc5 11. e5 Nd5 12. Nxd5 Qxd5 13. f4 Qd4 14. Nh3 Qxb2
15. O-O Nc6 16. Ng5 h6 17. Ne4 O-O 18. Kh1 Nd4 19. Qh5 b5 20. Rab1 Qxa2 21.
Nf6+ Kh8 22. Ng4 Nf5 23. Bxf5 exf5 24. Nxh6 Qe6 25. Nxf7+ Kg8 26. Ng5 Qh6 27.
Qf3 Be6 28. Rfd1 Bc4 29. Rd7 a5 30. Rbd1 Rab8 31. h3 Rb6 32. Rd8 Rb8 33. Rxb8
Rxb8 34. Rd6 Qh4 35. g3 Qh8 36. Qd1 Rf8 37. e6 g6 38. e7 1-0

[Event "FB1 1920 TuRa Harksheide  - Karlsruher"]
[Site "?"]
[Date "2021.09.05"]
[Round "11.3"]
[White "Schmidt, Jessica"]
[Black "Gosciniak, Maria"]
[Result "1-0"]
[WhiteElo "2234"]
[BlackElo "2090"]
[PlyCount "79"]
[EventDate "2021.??.??"]

1. d4 e6 2. Nf3 Nf6 3. c4 Bb4+ 4. Bd2 Qe7 5. a3 Bxd2+ 6. Nbxd2 O-O 7. e3 d6 8.
Be2 e5 9. O-O b6 10. b4 Bb7 11. Nb3 Ne4 12. Rc1 Nd7 13. Qc2 f5 14. c5 bxc5 15.
bxc5 exd4 16. c6 Bxc6 17. Qxc6 dxe3 18. fxe3 Nec5 19. Nxc5 Nxc5 20. Kh1 Kh8 21.
Bc4 Rab8 22. Qd5 Rb2 23. Qd4 Rbb8 24. Nh4 Qg5 25. Rf4 Rbe8 26. Rcf1 Ne4 27.
Nxf5 Nf6 28. Ng3 h6 29. Qxa7 Re7 30. Qd4 Rfe8 31. e4 Re5 32. Qd3 Kh7 33. Bf7
R8e7 34. h4 Qxf4 35. Rxf4 Rxf7 36. a4 Rfe7 37. a5 Kh8 38. a6 Re8 39. Qc3 Rc5
40. Qb2 1-0

[Event "FB1 1920 TuRa Harksheide  - Karlsruher"]
[Site "?"]
[Date "2021.09.05"]
[Round "11.4"]
[White "Brandt, Carina"]
[Black "Kiefhaber, Veronika"]
[Result "1-0"]
[WhiteElo "2061"]
[BlackElo "2143"]
[PlyCount "87"]
[EventDate "2021.??.??"]

1. e4 c5 2. Nf3 g6 3. d4 cxd4 4. Nxd4 Nc6 5. c4 Nf6 6. Nc3 Nxd4 7. Qxd4 d6 8.
Bg5 Bg7 9. Qd2 O-O 10. Bd3 Be6 11. O-O Rc8 12. b3 a6 13. Rac1 Re8 14. Nd5 Bxd5
15. exd5 Qd7 16. f4 e6 17. dxe6 fxe6 18. Rcd1 Qc6 19. Bb1 Qc5+ 20. Kh1 Rc6 21.
Rf3 b5 22. Bxf6 Bxf6 23. Be4 Rb6 24. cxb5 Qxb5 25. g4 d5 26. Bd3 Qb4 27. Qe2 a5
28. f5 gxf5 29. Bxf5 Qe7 30. Bc2 Qg7 31. Qf2 Bd8 32. Rh3 h6 33. g5 Rf8 34. Qc5
hxg5 35. Bh7+ Kh8 36. Rc1 Rb4 37. Be4+ Kg8 38. Bh7+ Kh8 39. Rg1 Bb6 40. Bf5+
Rh4 41. Rxh4+ gxh4 42. Qxb6 Qc3 43. Qf2 Qf6 44. Rg6 1-0

[Event "FB1 1920 TuRa Harksheide  - Karlsruher"]
[Site "?"]
[Date "2021.09.05"]
[Round "11.5"]
[White "Moingt, Anne"]
[Black "Waechter, Nathalie"]
[Result "1-0"]
[WhiteElo "2021"]
[BlackElo "2006"]
[PlyCount "95"]
[EventDate "2021.??.??"]

1. e4 d5 2. exd5 Nf6 3. d4 Nxd5 4. Nf3 Bg4 5. Be2 e6 6. O-O Nc6 7. Re1 Be7 8.
c3 O-O 9. Nbd2 Nf4 10. Bf1 Qd5 11. h3 Bxf3 12. Nxf3 Ng6 13. Be3 Na5 14. Qa4 b6
15. Rad1 a6 16. Bd3 Ra7 17. c4 Qc6 18. Qc2 Qa8 19. a3 c5 20. dxc5 Bxc5 21. Bxc5
bxc5 22. h4 Rd8 23. h5 Nf8 24. Be4 Qb8 25. Rxd8 Qxd8 26. b4 Nb7 27. Ne5 Qc7 28.
Nc6 Ra8 29. Na5 Rb8 30. Nxb7 Rxb7 31. Bxb7 Qxb7 32. Qd2 Qc6 33. Rd1 cxb4 34.
Qxb4 a5 35. Qb5 Qc7 36. a4 h6 37. c5 g6 38. hxg6 Nxg6 39. Qe8+ Kg7 40. Qb5 Ne5
41. c6 Kf6 42. Re1 Ng4 43. g3 Qa7 44. Re2 Kg6 45. Qb7 Qd4 46. Qb1+ Kh5 47. c7
Qd7 48. Qb5+ 1-0

[Event "FB1 1920 TuRa Harksheide  - Karlsruher"]
[Site "?"]
[Date "2021.09.05"]
[Round "11.6"]
[White "Koehler, Inken"]
[Black "Rubina, Tatiana"]
[Result "1-0"]
[WhiteElo "1958"]
[BlackElo "1979"]
[PlyCount "75"]
[EventDate "2021.??.??"]

1. c4 e6 2. g3 d5 3. Bg2 Nf6 4. Nf3 Bd6 5. O-O O-O 6. b3 c5 7. d4 Nc6 8. cxd5
exd5 9. Bb2 Re8 10. Nc3 b6 11. Nb5 Ba6 12. Nxd6 Bxe2 13. Nxe8 Bxd1 14. Nxf6+
Qxf6 15. Raxd1 Rd8 16. Rd2 Qf5 17. Rc1 Nxd4 18. Nxd4 cxd4 19. Rxd4 h6 20. Rcd1
Re8 21. Rxd5 Qc2 22. R5d2 Qf5 23. Bc6 Rb8 24. Bd5 b5 25. b4 Rc8 26. Bb3 a6 27.
Rd7 Rf8 28. Rc7 Qe4 29. Bd4 g5 30. Bc5 Qe5 31. Bd6 Qe2 32. Bxf8 Kxf8 33. Rxf7+
Ke8 34. Rf6 Qg4 35. Re6+ Kf8 36. Rd8+ Kg7 37. Rd7+ Kf8 38. Rf7+ 1-0

[Event "FB1 1920 SV 1920 Hofheim - Schachfreund"]
[Site "?"]
[Date "2021.09.05"]
[Round "11.1"]
[White "Schleining, Zoya"]
[Black "Mar, Karmen"]
[Result "1-0"]
[WhiteElo "2320"]
[BlackElo "2097"]
[PlyCount "99"]
[EventDate "2021.??.??"]

1. c4 c6 2. Nf3 d5 3. e3 Nf6 4. Nc3 e6 5. d4 Nbd7 6. Qc2 Bd6 7. Be2 O-O 8. O-O
dxc4 9. a4 b6 10. Bxc4 Bb7 11. Rd1 Qc7 12. h3 a6 13. e4 e5 14. Bg5 b5 15. Bb3
b4 16. dxe5 Nxe5 17. Nxe5 Bxe5 18. Bxf6 bxc3 19. Bxe5 Qxe5 20. bxc3 c5 21. Bd5
Rab8 22. Bxb7 Rxb7 23. Rd5 Qe7 24. Rad1 h6 25. Qd3 a5 26. Qc4 Rc8 27. e5 Kh7
28. Qg4 Re8 29. Qf5+ Kg8 30. f4 Reb8 31. Kh2 g6 32. Qd3 Rc8 33. Rd8+ Rxd8 34.
Qxd8+ Qxd8 35. Rxd8+ Kg7 36. Rc8 Rb3 37. Rxc5 Ra3 38. Rxa5 Rxc3 39. Ra7 Kg8 40.
a5 h5 41. a6 Ra3 42. g4 hxg4 43. hxg4 Kf8 44. f5 gxf5 45. gxf5 Kg8 46. e6 fxe6
47. fxe6 Kf8 48. Rf7+ Kg8 49. a7 Ra6 50. Rb7 1-0

[Event "FB1 1920 SV 1920 Hofheim - Schachfreund"]
[Site "?"]
[Date "2021.09.05"]
[Round "11.2"]
[White "Roessler, Ulrike"]
[Black "Koepke, Elena"]
[Result "0-1"]
[WhiteElo "2110"]
[BlackElo "2286"]
[PlyCount "124"]
[EventDate "2021.??.??"]

1. e4 c5 2. Nf3 g6 3. d4 cxd4 4. Nxd4 Bg7 5. Nc3 Nc6 6. Be3 Nf6 7. Bc4 Qa5 8.
O-O O-O 9. Bb3 d6 10. h3 Bd7 11. f4 Nxd4 12. Bxd4 Bc6 13. e5 Ne8 14. exd6 Bxd4+
15. Qxd4 Nxd6 16. Qe5 Qxe5 17. fxe5 Nf5 18. Rf4 Rad8 19. Raf1 e6 20. R1f2 Nd4
21. Bc4 Rd7 22. a4 a6 23. Bd3 Rc8 24. h4 Kg7 25. h5 Rcc7 26. g4 b5 27. a5 g5
28. h6+ Kxh6 29. Rf6+ Kg7 30. Ne4 Bxe4 31. Bxe4 Rc5 32. c3 Rxe5 33. cxd4 Rxe4
34. d5 Rxg4+ 35. Kh2 Re4 36. dxe6 Rxe6 37. R6f5 Kg6 38. Rc5 f6 39. Rc8 h5 40.
Rg8+ Rg7 41. Ra8 g4 42. Kg3 Kg5 43. Rd2 f5 44. b4 h4+ 45. Kh2 Rge7 46. Rg8+ Kf4
47. Rf2+ Ke4 48. Rf1 Kd3 49. Rxf5 Re2+ 50. Kg1 Re1+ 51. Rf1 Rxf1+ 52. Kxf1 Re4
53. Rg6 Rxb4 54. Rxa6 Ke3 55. Rf6 h3 56. Kg1 Ra4 57. a6 g3 58. Rf1 Rxa6 59. Rb1
Kd2 60. Kf1 Rf6+ 61. Kg1 Rc6 62. Rb2+ Rc2 0-1

[Event "FB1 1920 SV 1920 Hofheim - Schachfreund"]
[Site "?"]
[Date "2021.09.05"]
[Round "11.3"]
[White "Agrest, Inna"]
[Black "Kushka, Alena"]
[Result "1-0"]
[WhiteElo "2256"]
[BlackElo "2133"]
[PlyCount "111"]
[EventDate "2021.??.??"]

1. e4 c5 2. Nf3 Nc6 3. d4 cxd4 4. Nxd4 Qb6 5. Nb3 Nf6 6. Nc3 e6 7. a3 Be7 8. h3
a6 9. g4 d5 10. Be3 Qc7 11. exd5 Nxd5 12. Nxd5 exd5 13. Bg2 Be6 14. Qe2 O-O 15.
Nd4 b5 16. O-O Bd6 17. Nxc6 Qxc6 18. Bd4 Rae8 19. Qd2 f5 20. Rfe1 Qd7 21. Qg5
Rf7 22. Rad1 Be7 23. Qe3 Bh4 24. Qe5 Bf6 25. Qg3 fxg4 26. hxg4 Bxd4 27. Rxd4
Kf8 28. Re3 Qc6 29. c3 Rd7 30. Qh4 h6 31. g5 Bf7 32. Rxe8+ Kxe8 33. Qg3 Qd6 34.
Qg4 h5 35. Qf5 Qe6 36. Qf4 Qd6 37. Qf5 Qe6 38. Qf4 Qd6 39. Qd2 Kd8 40. a4 Kc7
41. axb5 axb5 42. Qd3 Qb6 43. Bxd5 Bg6 44. Be4 Rxd4 45. cxd4 Bf7 46. Qc3+ Kd7
47. d5 g6 48. Qg7 Ke7 49. Qe5+ Kd7 50. Bg2 Qd6 51. Qd4 Ke7 52. b4 Qc7 53. Qf6+
Kf8 54. d6 Qd7 55. Qh8+ Bg8 56. Qh6+ 1-0

[Event "FB1 1920 SV 1920 Hofheim - Schachfreund"]
[Site "?"]
[Date "2021.09.05"]
[Round "11.4"]
[White "Winterholler, Christina"]
[Black "Klek, Hanna Marie"]
[Result "0-1"]
[WhiteElo "2067"]
[BlackElo "2331"]
[PlyCount "78"]
[EventDate "2021.??.??"]

1. c4 e6 2. g3 d5 3. Bg2 Nf6 4. Nf3 Be7 5. O-O O-O 6. Qc2 d4 7. e3 Nc6 8. exd4
Nxd4 9. Nxd4 Qxd4 10. b3 Qxa1 11. Nc3 e5 12. d3 Bf5 13. Be3 Qxf1+ 14. Bxf1 c6
15. f3 Rfd8 16. Nd1 Nd7 17. Nf2 Bc5 18. Qe2 f6 19. f4 exf4 20. Bxf4 Re8 21. Qf3
Ne5 22. Bxe5 Rxe5 23. Kg2 h5 24. Ne4 Bd4 25. h3 Rd8 26. g4 Bg6 27. b4 a5 28. a3
axb4 29. axb4 Ra8 30. Qe2 Ra3 31. Qc2 Re8 32. c5 Bf7 33. Nd6 Bd5+ 34. Kg3 Re3+
35. Kh4 Ra2 36. Qc1 Ra1 37. Qc2 Rxf1 38. Qa4 Kh7 39. Qa8 g5+ 0-1

[Event "FB1 1920 SV 1920 Hofheim - Schachfreund"]
[Site "?"]
[Date "2021.09.05"]
[Round "11.5"]
[White "Jelica, Mara"]
[Black "Barpiyeva, Gulsana"]
[Result "1/2-1/2"]
[WhiteElo "2084"]
[BlackElo "2007"]
[PlyCount "190"]
[EventDate "2021.??.??"]

1. e4 c5 2. Nf3 e6 3. d4 cxd4 4. Nxd4 a6 5. c4 Qc7 6. Be2 Nf6 7. Nc3 Bb4 8. Nc2
Bxc3+ 9. bxc3 O-O 10. Ba3 Re8 11. Bd6 Qa5 12. Qd3 b5 13. c5 Bb7 14. f3 Nc6 15.
O-O Rec8 16. Rfb1 Qd8 17. a4 Ne8 18. axb5 axb5 19. Qxb5 Nxd6 20. cxd6 Rcb8 21.
Qc5 f6 22. Ne3 Rxa1 23. Rxa1 Rc8 24. Qb5 Rb8 25. Nc4 Ba8 26. Qc5 Qc8 27. Kf2
Qb7 28. Ra3 Qb1 29. Ne3 Qb2 30. Nc4 Qb1 31. Ra6 Qc2 32. Rb6 Rf8 33. Qa3 Ne5 34.
Nxe5 fxe5 35. Ke3 Rc8 36. c4 Bc6 37. Qb2 Qa4 38. Qxe5 Qa3+ 39. Kf2 Qa7 40. c5
Qa3 41. Bc4 Qa8 42. Kg3 Rf8 43. h4 Rf6 44. Qb2 Qa5 45. Qb4 Qa1 46. Bd3 Qe5+ 47.
Kf2 Qf4 48. e5 Qxe5 49. Rb8+ Kf7 50. Bxh7 g6 51. Re8 Kg7 52. Re7+ Rf7 53. Bxg6
Kxg6 54. Qg4+ Kf6 55. Rxf7+ Kxf7 56. Qb4 Qf5 57. Qc3 Qf4 58. Qh8 Qf5 59. Qc3
Kg8 60. g3 Kf7 61. Kg2 Bd5 62. Kf2 e5 63. g4 Qf4 64. Qd3 Qh2+ 65. Kf1 Qh1+ 66.
Ke2 Qg2+ 67. Ke1 Qg3+ 68. Ke2 Qg2+ 69. Ke1 Qg3+ 70. Ke2 Qxh4 71. Qf5+ Qf6 72.
Qxd7+ Kg6 73. Qe8+ Kg7 74. Qd7+ Kh6 75. g5+ Qxg5 76. Qh3+ Kg7 77. d7 Qe7 78.
Qg4+ Kh6 79. Qf5 Bc4+ 80. Kd1 Bb5 81. Qh3+ Kg7 82. Qg4+ Kf7 83. Qf5+ Kg7 84.
Qxe5+ Qxe5 85. d8=Q Qxc5 86. Kd2 Qf2+ 87. Kc3 Qxf3+ 88. Kb4 Be2 89. Qe7+ Kh6
90. Qe6+ Kg5 91. Qe5+ Kg4 92. Qg7+ Kh3 93. Qh6+ Kg2 94. Qg7+ Qg4+ 95. Qxg4+
Bxg4 1/2-1/2

[Event "FB1 1920 SV 1920 Hofheim - Schachfreund"]
[Site "?"]
[Date "2021.09.05"]
[Round "11.6"]
[White "Froehlich-Dill, Astrid"]
[Black "Straub, Natalia"]
[Result "0-1"]
[WhiteElo "1854"]
[BlackElo "2137"]
[PlyCount "50"]
[EventDate "2021.??.??"]

1. d4 Nf6 2. c4 g6 3. Nc3 Bg7 4. e4 d6 5. f3 O-O 6. Be3 a6 7. a3 Nbd7 8. Rc1 c5
9. d5 b5 10. cxb5 Qa5 11. Qd2 Re8 12. bxa6 Bxa6 13. Bxa6 Qxa6 14. Qe2 Ne5 15.
Qxa6 Rxa6 16. Rd1 Rb8 17. Bc1 Nc4 18. b4 Nd7 19. Nge2 cxb4 20. axb4 Rxb4 21.
Nd4 Nb2 22. Bxb2 Bxd4 23. Rd2 Rxb2 24. Rxd4 Rc2 25. Nd1 Raa2 0-1

[Event "FB1 1920 SC Bad Königshofen 1957 - SK S"]
[Site "?"]
[Date "2021.09.05"]
[Round "11.1"]
[White "Javakhishvili, Lela"]
[Black "Schneider, Jana"]
[Result "0-1"]
[WhiteElo "2465"]
[BlackElo "2283"]
[PlyCount "72"]
[EventDate "2021.??.??"]

1. d4 d5 2. c4 e6 3. Nf3 Nf6 4. Nc3 a6 5. c5 b6 6. cxb6 c5 7. Na4 cxd4 8. Nxd4
Bd7 9. a3 Bd6 10. Be3 Ng4 11. Bc1 O-O 12. e3 e5 13. Be2 Nxf2 14. Kxf2 exd4 15.
Qxd4 Nc6 16. Qxd5 Qf6+ 17. Kg1 Ne5 18. Nc3 Bc6 19. Qd4 Rac8 20. Bd2 Rfd8 21.
Rf1 Qg5 22. Rf2 Bc5 23. Bd1 Bxd4 24. exd4 Qh4 25. Be3 Nc4 26. Bf4 Rxd4 27. Bg3
Qg5 28. Be2 Nxb6 29. Bxa6 Re8 30. Bf1 Nd5 31. Ne2 Rd1 32. h4 Qg4 33. Kh2 Ne3
34. Nc3 Nxf1+ 35. Rhxf1 Rxf1 36. Rxf1 Re3 0-1

[Event "FB1 1920 SC Bad Königshofen 1957 - SK S"]
[Site "?"]
[Date "2021.09.05"]
[Round "11.2"]
[White "Melamed, Tatjana"]
[Black "Khotenashvili, Bela"]
[Result "0-1"]
[WhiteElo "2336"]
[BlackElo "2478"]
[PlyCount "140"]
[EventDate "2021.??.??"]

1. e4 e5 2. Nf3 Nc6 3. Bb5 a6 4. Ba4 d6 5. O-O Bd7 6. c3 g6 7. d4 Bg7 8. Re1 h6
9. Be3 Nf6 10. dxe5 Nxe5 11. Nxe5 dxe5 12. Bxd7+ Qxd7 13. Qxd7+ Kxd7 14. f3 Ke6
15. Nd2 Rhd8 16. Nb3 b6 17. a4 a5 18. Rad1 Bf8 19. Kf1 Ne8 20. Ke2 Nd6 21. Nd2
Rdb8 22. b3 b5 23. Ra1 c6 24. Ra2 h5 25. Rea1 Nb7 26. axb5 cxb5 27. c4 b4 28.
Bb6 Ra6 29. Bf2 Rba8 30. Nf1 Bc5 31. Ne3 Bd4 32. Rb1 Nc5 33. Nd5 R8a7 34. Bxd4
exd4 35. Rd2 Ke5 36. g3 g5 37. h3 Rh6 38. Ra2 Raa6 39. Nc7 Rac6 40. Nd5 Ra6 41.
Nc7 g4 42. Nxa6 Rxa6 43. hxg4 hxg4 44. Rh1 Nxb3 45. Rh5+ Ke6 46. Ra4 gxf3+ 47.
Kxf3 f6 48. Ke2 Ra8 49. g4 Kd6 50. Rd5+ Kc6 51. Rf5 d3+ 52. Kd1 d2 53. Rf3 Nc5
54. Rxf6+ Kc7 55. Ra1 a4 56. Rf7+ Kd6 57. Rf6+ Ke5 58. Rf5+ Kd4 59. Rd5+ Kxc4
60. Rxd2 Nxe4 61. Rd7 a3 62. g5 Rh8 63. Rc7+ Kd3 64. Rd7+ Kc3 65. Rc1+ Kb2 66.
Rc4 Nc3+ 67. Kd2 b3 68. g6 a2 69. Ra7 Nb1+ 70. Ke3 Na3 0-1

[Event "FB1 1920 SC Bad Königshofen 1957 - SK S"]
[Site "?"]
[Date "2021.09.05"]
[Round "11.3"]
[White "Atalik, Ekaterina"]
[Black "Savina, Anastasia"]
[Result "1/2-1/2"]
[WhiteElo "2429"]
[BlackElo "2335"]
[PlyCount "81"]
[EventDate "2021.??.??"]

1. d4 d6 2. Nf3 g6 3. Nc3 Bg7 4. e4 Nf6 5. Be2 O-O 6. O-O Nc6 7. d5 Nb8 8. h3
e5 9. dxe6 Bxe6 10. Bg5 h6 11. Be3 Nc6 12. Qd2 Kh7 13. Rad1 Re8 14. Bd3 Ne5 15.
Nxe5 dxe5 16. Bb5 c6 17. Qxd8 Rexd8 18. Be2 Bf8 19. Rxd8 Rxd8 20. a3 b6 21. Ba6
Bc8 22. Bc4 Kg7 23. Kh2 Nd7 24. Rd1 Be7 25. g3 Nf8 26. Rxd8 Bxd8 27. a4 Ne6 28.
b4 Nd4 29. Bxd4 exd4 30. Ne2 c5 31. b5 g5 32. Kg2 Bc7 33. g4 Kf6 34. Kf3 h5 35.
Nc1 hxg4+ 36. hxg4 Bf4 37. Nd3 Bd6 38. Bd5 Bc7 39. Bc4 Bd6 40. Bd5 Bc7 41. Bc4
1/2-1/2

[Event "FB1 1920 SC Bad Königshofen 1957 - SK S"]
[Site "?"]
[Date "2021.09.05"]
[Round "11.4"]
[White "Belenkaya, Dina"]
[Black "Bulmaga, Irina"]
[Result "1-0"]
[WhiteElo "2267"]
[BlackElo "2407"]
[PlyCount "115"]
[EventDate "2021.??.??"]

1. e4 e5 2. Nf3 Nc6 3. d4 exd4 4. Nxd4 Nf6 5. Nxc6 bxc6 6. Nd2 d5 7. exd5 cxd5
8. Bb5+ Bd7 9. Bxd7+ Qxd7 10. O-O Be7 11. b3 O-O 12. Bb2 Qf5 13. Nf3 Ne4 14.
Qd3 Qh5 15. Rad1 Rad8 16. Be5 c6 17. Qa6 Bd6 18. Bxd6 Rxd6 19. Qxa7 g5 20. Qc7
Rh6 21. Qe5 f5 22. Nd4 Re8 23. Qc7 g4 24. Rd3 g3 25. h3 gxf2+ 26. Kh2 c5 27.
Nf3 d4 28. b4 Rg6 29. bxc5 Kh8 30. Rxd4 Rg7 31. Rd7 Rxd7 32. Qxd7 Qg6 33. Qc7
h6 34. Qf4 Qa6 35. c4 Rf8 36. Nd2 Kg7 37. Nxe4 fxe4 38. Qxe4 Qxa2 39. c6 Qb2
40. c7 Kh8 41. Qe7 Qg7 42. Qxg7+ Kxg7 43. Rxf2 Rc8 44. Kg3 Rxc7 45. Rf4 Kg6 46.
Kf3 Kg5 47. g3 Rc8 48. Ke3 Ra8 49. Ke4 Re8+ 50. Kd5 Rd8+ 51. Ke6 Rd3 52. c5 Kh5
53. Rh4+ Kg5 54. c6 Rc3 55. Kd5 Rd3+ 56. Rd4 Rc3 57. Rc4 Rd3+ 58. Kc5 1-0

[Event "FB1 1920 SC Bad Königshofen 1957 - SK S"]
[Site "?"]
[Date "2021.09.05"]
[Round "11.5"]
[White "Daulyte-Cornette, Deimante"]
[Black "Obolentseva, Alexandra"]
[Result "1-0"]
[WhiteElo "2413"]
[BlackElo "2302"]
[PlyCount "77"]
[EventDate "2021.??.??"]

1. e4 c5 2. Nf3 d6 3. Bb5+ Nd7 4. d4 cxd4 5. Nxd4 Ngf6 6. O-O a6 7. Ba4 b5 8.
Bb3 Bb7 9. a4 b4 10. c3 Nc5 11. cxb4 Nxb3 12. Nxb3 Bxe4 13. Nc3 e6 14. Bg5 Bg6
15. Qf3 d5 16. b5 Be7 17. Nd4 Ne4 18. Bxe7 Qxe7 19. Nxe4 Bxe4 20. Qc3 O-O 21.
bxa6 Rfc8 22. Qd2 e5 23. Nb5 Rc2 24. Qe3 Rxa6 25. Rfc1 h6 26. Nc3 Rxc1+ 27.
Rxc1 Qb4 28. Nxe4 dxe4 29. b3 Rd6 30. h3 Rd3 31. Qa7 g6 32. Qa8+ Kg7 33. Qe8
Rd5 34. Rc8 Kf6 35. Rc7 Kg5 36. Rxf7 e3 37. fxe3 Kh5 38. Rf5+ Kh4 39. Qxg6 1-0